000 00427nam a2200181Ia 4500
001 821
005 20260306140546.0
008 260306t2011||||xx |||||||||||||| ||spa||
041 _aESP
082 _a170
_bJ72
100 _aJonas, Hans
_eAUT
245 0 _aFrontiere della vita, frontiere della técnica
260 _c2011
300 _a153 páginas :
_c20 cm.
650 _aGEN
654 _aCHU
942 _cLIB
_dJUS
_fJUS
_2ddc
_n
999 _c821
_d821